Simbolismo e interpretación /
Guardado en:
| Autor Principal: | |
|---|---|
| Otros Autores: | , |
| Formato: | Libro |
| Publicado: |
Caracas :
Monte Ávila,
1992.
|
| Edición: | 2a. ed. |
| Materias: | |
| Etiquetas: |
Agregar Etiqueta
Sin Etiquetas, Sea el primero en etiquetar este registro!
|
| LEADER | 00677nam a22001935a 4500 | ||
|---|---|---|---|
| 001 | EHU.bham013413 | ||
| 008 | 130507s1992##################000#0#####d | ||
| 005 | 20240809072437.0 | ||
| 245 | 1 | 0 | |a Simbolismo e interpretación / |c Tzvetan Todorov ; trad. por Claudine Lemoine y Márgara Russotto. |
| 250 | |a 2a. ed. | ||
| 260 | |a Caracas : |b Monte Ávila, |c 1992. | ||
| 300 | |a 186 p. | ||
| 100 | 1 | |a Todorov, Tzvetan | |
| 700 | 1 | |a Lemoine, Claudine, trad. | |
| 700 | 1 | |a Russotto, Márgara, trad. | |
| 082 | 8 | 0 | |a 801 |
| 653 | |a Literatura-teoría de la | ||
| 859 | |a AR-BHAM |b BIB. HUMANIDADES - General |h 801 |i T569-3 |p 1.96 |t Ej.1 | ||
| 859 | |a AR-BHAM |b BIB. HUMANIDADES - General |h 801 |i T569-3 |p 567.95 |t Ej.1 | ||
